MARC

LEADER 00000nam0a2200000 4500
001 27999
005 20231030202612.0
010 |a 9854520080 
035 |a (RuTPU)RU\TPU\book\28255 
035 |a BOOK00000037 
090 |a 27999 
100 |a 20011209d2000 km y0rusy50 ca 
101 0 |a rus 
102 |a BY 
105 |a a j 000zy 
200 1 |a Электроснабжение сельскохозяйственных потребителей  |e учебное пособие для профтехобразования  |f Г. И. Янукович, В. П. Счастный 
210 |a Минск  |c Дизайн ПРО  |d 2000 
215 |a 176 с.  |c ил. 
320 |a Библиогр.: с. 172. 
610 1 |a сельское хозяйство 
610 1 |a электроснабжение 
610 1 |a электрическая энергия 
610 1 |a электрические линии 
610 1 |a токи 
610 1 |a трансформаторные подстанции 
610 1 |a распределительные устройства 
610 1 |a короткие замыкания 
610 1 |a релейная защита 
610 1 |a сельские электрические сети 
610 1 |a надежность 
610 1 |a учебные пособия 
675 |a 631.371(07)  |v 3 
700 1 |a Янукович  |b Г. И.  |g Генрих Иосифович 
701 1 |a Счастный  |b В. П.  |g Валерий Петрович 
801 0 |a BY  |b 63413507  |c 20011209  |g PSBO 
801 2 |a RU  |b 63413507  |c 20080930  |g PSBO 
942 |c BK